[Event "Toronto int."]
[Site "Toronto CAN"]
[Date "1998.05.16"]
[Round "5"]
[White "Golyak, Isay"]
[Black "Yee, Lorne"]
[Result "1/2-1/2"]
[WhiteElo "2290"]
[BlackElo "2189"]
[PlyCount "80"]
[GameId "2160767911873311"]
[EventDate "1998.05.14"]
[EventType "swiss"]
[EventRounds "9"]
[EventCountry "CAN"]
[SourceTitle "CBM 65 ext"]
[Source "ChessBase"]
[SourceDate "1998.09.09"]
[SourceVersion "1"]
[SourceVersionDate "1998.09.09"]
[SourceQuality "1"]

1. e4 d5 2. exd5 Qxd5 3. Nc3 Qa5 4. d4 Nf6 5. Nf3 Bf5 6. Bd2 c6 7. Bc4 e6 8. O-O Qc7 9. Ne5 Nbd7 10. Bf4 Nxe5 11. dxe5 Nd5 12. Nxd5 exd5 13. Bd3 Qd7 14. Qh5 Be6 15. Bg5 Be7 16. f4 g6 17. Qh4 Bxg5 18. fxg5 O-O-O 19. c3 Kb8 20. b4 d4 21. c4 Qe7 22. a3 h6 23. Rf6 hxg5 24. Qxg5 Rh5 25. Qf4 a6 26. c5 Ka7 27. Re1 Qd7 28. Qf3 Rg5 29. g3 Qd5 30. Qxd5 Rxd5 31. Rf4 Rgxe5 32. Rxe5 Rxe5 33. Rxd4 Re1+ 34. Kf2 Rd1 35. Ke2 Ra1 36. h4 Rxa3 37. g4 Ra2+ 38. Kf3 Rh2 39. Kg3 Rh1 40. Bc4 Rg1+ 1/2-1/2

[Event "Toronto int."]
[Site "Toronto CAN"]
[Date "1998.05.16"]
[Round "5"]
[White "Jung, Hans"]
[Black "Wight, Keith"]
[Result "1-0"]
[WhiteElo "2346"]
[BlackElo "2163"]
[PlyCount "55"]
[GameId "2160767911873313"]
[EventDate "1998.05.14"]
[EventType "swiss"]
[EventRounds "9"]
[EventCountry "CAN"]
[SourceTitle "CBM 65 ext"]
[Source "ChessBase"]
[SourceDate "1998.09.09"]
[SourceVersion "1"]
[SourceVersionDate "1998.09.09"]
[SourceQuality "1"]

1. Nf3 c5 2. e4 d6 3. h3 Nc6 4. c3 Nf6 5. d3 g6 6. Be3 Bg7 7. Qc1 h6 8. Be2 Bd7 9. Nh2 e5 10. f4 exf4 11. Bxf4 Ne5 12. O-O Qe7 13. Na3 g5 14. Bg3 O-O 15. Qd2 Rad8 16. Rae1 b5 17. Bd1 b4 18. Nc2 Bb5 19. c4 Bc6 20. Ne3 Bxe4 21. Rxf6 Nxd3 22. Nd5 Qxf6 23. Nxf6+ Bxf6 24. Rxe4 Nxb2 25. Bc2 d5 26. cxd5 Bc3 27. Qe2 Rxd5 28. Qh5 1-0

[Event "Toronto int."]
[Site "Toronto CAN"]
[Date "1998.05.16"]
[Round "5"]
[White "Kreiman, Boris"]
[Black "Hasanov, Marat"]
[Result "0-1"]
[WhiteElo "2445"]
[BlackElo "2265"]
[PlyCount "54"]
[GameId "2160767911873314"]
[EventDate "1998.05.14"]
[EventType "swiss"]
[EventRounds "9"]
[EventCountry "CAN"]
[SourceTitle "CBM 065 Extra"]
[Source "ChessBase"]
[SourceDate "1998.09.09"]
[SourceVersion "1"]
[SourceVersionDate "1998.09.09"]
[SourceQuality "1"]

1. e4 e5 2. Nf3 Nc6 3. d4 exd4 4. Nxd4 Nf6 5. Nxc6 bxc6 6. e5 Qe7 7. Qe2 Nd5 8. c4 Ba6 9. b3 g6 10. Bb2 Nf4 11. Qf3 Ne6 12. Nd2 Bg7 13. O-O-O O-O-O 14. Qe3 c5 15. Ne4 Bb7 16. Kb1 Nd4 17. f4 d6 18. Bd3 dxe5 19. fxe5 Qxe5 20. Qh3+ Kb8 21. Rhe1 Rhe8 22. Bc3 Bc8 23. Qh4 f5 24. Nd2 Qf6 25. Qf2 Rxe1 26. Rxe1 Qd6 27. Rd1 Ne6 0-1

[Event "Toronto int."]
[Site "Toronto CAN"]
[Date "1998.05.16"]
[Round "5"]
[White "Milicevic, Goran"]
[Black "Davies, Nigel Rodney"]
[Result "1/2-1/2"]
[WhiteElo "2370"]
[BlackElo "2515"]
[PlyCount "84"]
[GameId "2160767911873317"]
[EventDate "1998.05.14"]
[EventType "swiss"]
[EventRounds "9"]
[EventCountry "CAN"]
[SourceTitle "CBM 065 Extra"]
[Source "ChessBase"]
[SourceDate "1998.09.09"]
[SourceVersion "1"]
[SourceVersionDate "1998.09.09"]
[SourceQuality "1"]

1. d4 Nf6 2. Nf3 e6 3. Bf4 b6 4. e3 Bb7 5. Nbd2 d6 6. h3 g6 7. Bd3 Bg7 8. e4 O-O 9. O-O Nc6 10. e5 Nd5 11. Bg3 Nce7 12. a3 Nf5 13. Bxf5 exf5 14. c4 dxe5 15. dxe5 Ne7 16. Qc2 Nc6 17. Rfe1 Qe8 18. Nb3 Nd8 19. Nfd4 Ne6 20. Nxe6 fxe6 21. f4 g5 22. Nd4 Qg6 23. Rad1 Bh6 24. Rf1 Rf7 25. fxg5 Bxg5 26. Bf4 Bxf4 27. Rxf4 Kh8 28. Rf2 Rg8 29. Ne2 Qg7 30. Nf4 Qxe5 31. Rdd2 Rfg7 32. Rde2 Be4 33. Qd2 c5 34. b4 Re7 35. Nh5 Qa1+ 36. Kh2 Qe5+ 37. Kg1 Qd4 38. Kh2 Rd8 39. Qh6 Qe5+ 40. g3 Rg8 41. Qf6+ Qxf6 42. Nxf6 Rd8 1/2-1/2

[Event "Toronto int."]
[Site "Toronto CAN"]
[Date "1998.05.16"]
[Round "5"]
[White "Ruiz, Richard"]
[Black "Lamb, Bryan"]
[Result "0-1"]
[WhiteElo "2165"]
[BlackElo "2110"]
[PlyCount "84"]
[GameId "2160767911873320"]
[EventDate "1998.05.14"]
[EventType "swiss"]
[EventRounds "9"]
[EventCountry "CAN"]
[SourceTitle "CBM 65 ext"]
[Source "ChessBase"]
[SourceDate "1998.09.09"]
[SourceVersion "1"]
[SourceVersionDate "1998.09.09"]
[SourceQuality "1"]

1. g3 g6 2. Bg2 Bg7 3. c4 d6 4. Nc3 e5 5. e3 Nc6 6. Nge2 f5 7. d4 Nf6 8. b3 O-O 9. Bb2 e4 10. Nf4 Qe7 11. h4 Qf7 12. Bf1 Ne7 13. Be2 a6 14. Qd2 Bd7 15. Bd1 b5 16. Rc1 h6 17. Nb1 Rfc8 18. Be2 c6 19. Ba3 Ne8 20. Kf1 g5 21. hxg5 hxg5 22. Bh5 Qf6 23. Ng2 Nc7 24. Qb4 c5 25. dxc5 a5 26. Qd2 b4 27. cxd6 Nc6 28. dxc7 Rxc7 29. Rd1 bxa3 30. Nxa3 Be6 31. Qd6 Rac8 32. Qd2 Rd7 33. Qc1 Rcd8 34. Rxd7 Rxd7 35. Be2 Nb4 36. Qb1 Rd2 37. Nb5 Qd8 38. Nd4 Bxd4 39. exd4 Qxd4 40. Ne3 Rxa2 41. Kg2 Rxe2 42. Kf1 Ra2 0-1

[Event "Toronto int."]
[Site "Toronto CAN"]
[Date "1998.05.16"]
[Round "5"]
[White "Stripunsky, Alexander"]
[Black "Kapetanovic, Armin"]
[Result "1/2-1/2"]
[WhiteElo "2475"]
[BlackElo "2465"]
[PlyCount "101"]
[GameId "2160767911873322"]
[EventDate "1998.05.14"]
[EventType "swiss"]
[EventRounds "9"]
[EventCountry "CAN"]
[SourceTitle "CBM 65 ext"]
[Source "ChessBase"]
[SourceDate "1998.09.09"]
[SourceVersion "1"]
[SourceVersionDate "1998.09.09"]
[SourceQuality "1"]

1. e4 e5 2. Nf3 Nf6 3. Nc3 Nc6 4. g3 g6 5. d4 exd4 6. Nxd4 Bg7 7. Nxc6 bxc6 8. Bg2 Ba6 9. f4 d5 10. e5 Nd7 11. Kf2 O-O 12. Re1 Re8 13. Be3 f6 14. Nxd5 fxe5 15. Nb4 exf4 16. gxf4 Bb7 17. Nxc6 Qh4+ 18. Kg1 Nf6 19. Bf2 Qxf4 20. Qd4 Nh5 21. Qd7 Nf6 22. Qd4 Nh5 23. Qd7 Nf6 24. Qh3 Ng4 25. Bg3 Qc4 26. Ne7+ Rxe7 27. Bxb7 Rae8 28. Rxe7 Rxe7 29. Qg2 Qc5+ 30. Kh1 Bxb2 31. Qd5+ Qxd5+ 32. Bxd5+ Kg7 33. Rb1 Bd4 34. Rb4 c5 35. Rb8 Nf6 36. Bf3 Ne4 37. Kg2 Nxg3 38. hxg3 h5 39. Rb7 Rxb7 40. Bxb7 g5 41. Bc6 g4 42. Be8 Kh6 43. a4 Bc3 44. Bf7 Kg5 45. Be8 Ba5 46. Bf7 Bc7 47. Be8 h4 48. gxh4+ Kxh4 49. Bd7 Kg5 50. Bc8 Kf4 51. Bd7 1/2-1/2

[Event "Toronto int."]
[Site "Toronto CAN"]
[Date "1998.05.16"]
[Round "5"]
[White "Teodoro, Eduardo"]
[Black "Ziatdinov, Raset"]
[Result "1/2-1/2"]
[WhiteElo "2365"]
[BlackElo "2515"]
[PlyCount "143"]
[GameId "2160767911873324"]
[EventDate "1998.05.14"]
[EventType "swiss"]
[EventRounds "9"]
[EventCountry "CAN"]
[SourceTitle "CBM 65 ext"]
[Source "ChessBase"]
[SourceDate "1998.09.09"]
[SourceVersion "1"]
[SourceVersionDate "1998.09.09"]
[SourceQuality "1"]

1. e4 e5 2. Nf3 Nc6 3. Bb5 a6 4. Ba4 Nf6 5. O-O Be7 6. Re1 b5 7. Bb3 d6 8. c3 O-O 9. h3 Na5 10. Bc2 c5 11. d4 Nd7 12. Nbd2 cxd4 13. cxd4 Nc6 14. Nf1 exd4 15. Nxd4 Nxd4 16. Qxd4 Ne5 17. Qd1 Bf6 18. Rb1 Be6 19. b3 Nc6 20. a3 Rc8 21. Bd3 Bc3 22. Re3 Qb6 23. Rg3 b4 24. Be3 Qb7 25. axb4 Nxb4 26. Qe2 Be5 27. f4 Bf6 28. Bd2 Nxd3 29. Qxd3 Bd7 30. Qxd6 Bh4 31. Rc3 Qxe4 32. Rbc1 Rxc3 33. Rxc3 Bb5 34. Ng3 Qb1+ 35. Rc1 Qxb3 36. Nf5 Bd8 37. Bb4 Re8 38. Rc8 Qb1+ 39. Kh2 Qxf5 40. Rxd8 h6 41. Rxe8+ Bxe8 42. Qe5 Qd7 43. Qe3 f6 44. Qe2 Qc8 45. Qd2 Qc4 46. Bc3 Bc6 47. Ba5 Be4 48. Bc3 Qf1 49. Ba5 Kh7 50. Bc7 Kg6 51. Bd6 a5 52. Bf8 a4 53. Bxg7 Bxg2 54. f5+ Kxf5 55. Qd7+ Kg6 56. Qe8+ Kg5 57. h4+ Kxh4 58. Bxf6+ Qxf6 59. Qxa4+ Kg5 60. Kxg2 Qb2+ 61. Kh1 Qc1+ 62. Kg2 Qd2+ 63. Kh1 Qe1+ 64. Kg2 Qe2+ 65. Kh1 Qf3+ 66. Kh2 Qe2+ 67. Kh1 h5 68. Qa5+ Kg4 69. Qb4+ Kh3 70. Qc3+ Kh4 71. Qf6+ Kh3 72. Qc3+ 1/2-1/2

[Event "Toronto int."]
[Site "Toronto CAN"]
[Date "1998.05.16"]
[Round "5"]
[White "Vucic, Mladen"]
[Black "Goldenberg, Danny"]
[Result "1/2-1/2"]
[WhiteElo "2365"]
[BlackElo "2320"]
[PlyCount "72"]
[GameId "2160767911873325"]
[EventDate "1998.05.14"]
[EventType "swiss"]
[EventRounds "9"]
[EventCountry "CAN"]
[SourceTitle "CBM 65 ext"]
[Source "ChessBase"]
[SourceDate "1998.09.09"]
[SourceVersion "1"]
[SourceVersionDate "1998.09.09"]
[SourceQuality "1"]

1. d4 Nf6 2. Nf3 g6 3. c4 Bg7 4. g3 O-O 5. Bg2 d6 6. O-O Nc6 7. d5 Na5 8. Nfd2 c5 9. a3 b6 10. Ra2 Ba6 11. Qc2 b5 12. b3 bxc4 13. bxc4 Rb8 14. Bb2 Qb6 15. Bc3 Nd7 16. Bxg7 Kxg7 17. f4 Rb7 18. a4 Qb4 19. Na3 Nb3 20. Rb1 Qxd2 21. Qxd2 Nxd2 22. Rxb7 Bxb7 23. Rxd2 Ba6 24. a5 Rb8 25. Bh3 Rb3 26. Nb5 Bxb5 27. cxb5 Nb8 28. b6 axb6 29. axb6 Rxb6 30. Ra2 Na6 31. Bg2 Nb4 32. Ra7 Kf6 33. g4 h6 34. h4 Nc2 35. Kf2 g5 36. hxg5+ hxg5 1/2-1/2

[Event "Toronto int."]
[Site "Toronto CAN"]
[Date "1998.05.17"]
[Round "6"]
[White "Calton, Bill"]
[Black "Okolotowicz, Zbigniew"]
[Result "1/2-1/2"]
[WhiteElo "2270"]
[BlackElo "2213"]
[PlyCount "92"]
[GameId "2160767911873327"]
[EventDate "1998.05.14"]
[EventType "swiss"]
[EventRounds "9"]
[EventCountry "CAN"]
[SourceTitle "CBM 65 ext"]
[Source "ChessBase"]
[SourceDate "1998.09.09"]
[SourceVersion "1"]
[SourceVersionDate "1998.09.09"]
[SourceQuality "1"]

1. d4 d5 2. Bg5 Nf6 3. Bxf6 exf6 4. e3 Bd6 5. Bd3 Nc6 6. a3 Ne7 7. c4 dxc4 8. Bxc4 O-O 9. Nc3 c6 10. Nf3 Qa5 11. Nd2 Qg5 12. Qe2 Qxg2 13. O-O-O Bg4 14. f3 Qxe2 15. Bxe2 Be6 16. Nde4 Rfd8 17. Rhg1 Kh8 18. Nxd6 Rxd6 19. Ne4 Rdd8 20. Rge1 Nd5 21. Bf1 b5 22. f4 a5 23. Kd2 Bg4 24. Rc1 Bf3 25. Bd3 Ne7 26. Rf1 Bg4 27. Nf2 Be6 28. Rc5 f5 29. Be2 g6 30. h4 Kg7 31. Rfc1 Bd5 32. Nd3 f6 33. Rg1 Kf7 34. Rcc1 Nc8 35. Nc5 Ra7 36. Bd3 Nd6 37. Rg3 Ne4+ 38. Bxe4 fxe4 39. Rh1 f5 40. h5 Kf6 41. hxg6 hxg6 42. Rgh3 Bg8 43. Rh8 Rda8 44. Kc3 Rd8 45. R1h2 Rda8 46. Rh1 Rd8 1/2-1/2

[Event "Toronto int."]
[Site "Toronto CAN"]
[Date "1998.05.17"]
[Round "6"]
[White "Crisan, Ioan"]
[Black "Golyak, Isay"]
[Result "1-0"]
[WhiteElo "2235"]
[BlackElo "2290"]
[PlyCount "93"]
[GameId "2160767911873328"]
[EventDate "1998.05.14"]
[EventType "swiss"]
[EventRounds "9"]
[EventCountry "CAN"]
[SourceTitle "CBM 065 Extra"]
[Source "ChessBase"]
[SourceDate "1998.09.09"]
[SourceVersion "1"]
[SourceVersionDate "1998.09.09"]
[SourceQuality "1"]

1. e4 Nf6 2. e5 Nd5 3. d4 d6 4. Nf3 g6 5. Bc4 Nb6 6. Bb3 Bg7 7. O-O Nc6 8. exd6 cxd6 9. c3 O-O 10. Nbd2 e5 11. h3 exd4 12. Nxd4 Nxd4 13. cxd4 Bf5 14. Nf3 d5 15. Bf4 Nc4 16. Bxc4 dxc4 17. Re1 Qd5 18. Be5 f6 19. Bf4 Be4 20. Qe2 Bxf3 21. Qxf3 Qxf3 22. gxf3 Rfe8 23. Re3 b5 24. a4 b4 25. Rc1 Rxe3 26. fxe3 Rc8 27. Bd6 Bf8 28. Bc5 c3 29. bxc3 b3 30. Rb1 Bxc5 31. dxc5 Rxc5 32. Rxb3 Rc4 33. a5 Kf7 34. Kf2 Ke6 35. Rb7 Rxc3 36. Rxh7 Rc2+ 37. Kg3 Rc3 38. e4 f5 39. exf5+ Kxf5 40. Rxa7 Ra3 41. a6 Kf6 42. Ra8 Kg7 43. Kf4 Ra4+ 44. Ke5 Ra3 45. Ra7+ Kg8 46. f4 Rxh3 47. Rb7 1-0

[Event "Toronto int."]
[Site "Toronto CAN"]
[Date "1998.05.17"]
[Round "6"]
[White "Friedman, Aviv"]
[Black "Stripunsky, Alexander"]
[Result "0-1"]
[WhiteElo "2360"]
[BlackElo "2475"]
[PlyCount "150"]
[GameId "2160767911873331"]
[EventDate "1998.05.14"]
[EventType "swiss"]
[EventRounds "9"]
[EventCountry "CAN"]
[SourceTitle "CBM 65 ext"]
[Source "ChessBase"]
[SourceDate "1998.09.09"]
[SourceVersion "1"]
[SourceVersionDate "1998.09.09"]
[SourceQuality "1"]

1. e4 c5 2. Nf3 e6 3. d4 cxd4 4. Nxd4 a6 5. Bd3 Bc5 6. Nb3 Ba7 7. Qe2 Nc6 8. Be3 d6 9. c4 Nf6 10. Nc3 Bxe3 11. Qxe3 Qc7 12. Rc1 Ne5 13. Qd4 O-O 14. Be2 b6 15. O-O Bb7 16. f4 Ng6 17. Qe3 Rfd8 18. g4 h6 19. a3 Rab8 20. Nd4 Re8 21. g5 hxg5 22. fxg5 Nd7 23. Rf2 Nde5 24. Rcf1 Rbd8 25. h4 Nxh4 26. Rh2 Nhg6 27. Bh5 Rd7 28. Bxg6 Nxg6 29. Qh3 Qc5 30. Qh7+ Kf8 31. Qxg6 Qxd4+ 32. Kh1 Ke7 33. Rxf7+ Kd8 34. Rxd7+ Kxd7 35. Qf7+ Re7 36. Qf3 Qxc4 37. Rd2 Qc5 38. Qf4 b5 39. Kg2 a5 40. Nxb5 Bxe4+ 41. Kh2 d5 42. Qxe4 Qxb5 43. Qd4 Qb8+ 44. Kg2 Rf7 45. Qa4+ Ke7 46. Qxa5 Rf5 47. Qc5+ Qd6 48. Qa7+ Qd7 49. Qe3 Qb7 50. Kg3 Qc7+ 51. Kg4 Re5 52. Rc2 Qb8 53. Qc5+ Kf7 54. Qc7+ Qxc7 55. Rxc7+ Kg6 56. b4 d4 57. Rc5 Re3 58. Kf4 e5+ 59. Kg4 Re4+ 60. Kf3 Kf5 61. a4 Re3+ 62. Kf2 Ra3 63. a5 Kf4 64. Rc7 Ra2+ 65. Kf1 d3 66. Rxg7 Ra1+ 67. Kf2 d2 68. Rd7 d1=Q 69. Rxd1 Rxd1 70. g6 Rd2+ 71. Ke1 Ke3 72. Kf1 Rd6 73. b5 Rf6+ 74. Kg2 Rxg6+ 75. Kh3 Kd4 0-1

[Event "Toronto int."]
[Site "Toronto CAN"]
[Date "1998.05.17"]
[Round "6"]
[White "Gurevich, Dmitry"]
[Black "Novikov, Igor A"]
[Result "1/2-1/2"]
[WhiteElo "2540"]
[BlackElo "2550"]
[PlyCount "33"]
[GameId "2160767911873333"]
[EventDate "1998.05.14"]
[EventType "swiss"]
[EventRounds "9"]
[EventCountry "CAN"]
[SourceTitle "CBM 065 Extra"]
[Source "ChessBase"]
[SourceDate "1998.09.09"]
[SourceVersion "1"]
[SourceVersionDate "1998.09.09"]
[SourceQuality "1"]

1. d4 d5 2. c4 e6 3. Nf3 Nf6 4. Nc3 c6 5. g3 dxc4 6. a4 Bb4 7. Bg2 Nd5 8. Bd2 b5 9. O-O a6 10. axb5 Bxc3 11. bxc3 cxb5 12. Qb1 Bb7 13. Re1 Nd7 14. e4 Ne7 15. Bc1 h6 16. Nd2 Nb6 17. Ba3 1/2-1/2

[Event "Toronto int."]
[Site "Toronto CAN"]
[Date "1998.05.17"]
[Round "6"]
[White "Haessel, Dale"]
[Black "Ochkoos, Jura"]
[Result "0-1"]
[WhiteElo "2225"]
[BlackElo "2270"]
[PlyCount "82"]
[GameId "2160767911873334"]
[EventDate "1998.05.14"]
[EventType "swiss"]
[EventRounds "9"]
[EventCountry "CAN"]
[SourceTitle "CBM 065 Extra"]
[Source "ChessBase"]
[SourceDate "1998.09.09"]
[SourceVersion "1"]
[SourceVersionDate "1998.09.09"]
[SourceQuality "1"]

1. e4 e5 2. Nf3 Nc6 3. Bc4 Nf6 4. d4 exd4 5. e5 d5 6. Bb5 Ne4 7. Nxd4 Bd7 8. Bxc6 bxc6 9. O-O Bc5 10. c3 O-O 11. Nd2 Nxd2 12. Bxd2 f6 13. Bf4 fxe5 14. Bxe5 Bb6 15. Qd2 Qh4 16. Rfe1 Qh5 17. Re2 Rae8 18. Rae1 Qg6 19. Kh1 c5 20. Nb3 c4 21. Nd4 c6 22. Bg3 Qd3 23. f3 c5 24. Nc2 d4 25. Bd6 Rxe2 26. Rxe2 Qxd2 27. Rxd2 Re8 28. Kg1 Bf5 29. Kf2 Re6 30. Bb8 Ba5 31. g4 Bd3 32. Kg3 dxc3 33. bxc3 Bxc3 34. Rg2 a6 35. f4 Rb6 36. Ba7 Rb2 37. Ne3 Rxg2+ 38. Kxg2 Bd2 39. Nf1 Bxf4 40. Bxc5 c3 41. Ne3 c2 0-1

[Event "Toronto int."]
[Site "Toronto CAN"]
[Date "1998.05.17"]
[Round "6"]
[White "Hum, Peter"]
[Black "Dougherty, Michael"]
[Result "1/2-1/2"]
[WhiteElo "2267"]
[BlackElo "2275"]
[PlyCount "67"]
[GameId "2160767911873336"]
[EventDate "1998.05.14"]
[EventType "swiss"]
[EventRounds "9"]
[EventCountry "CAN"]
[SourceTitle "CBM 65 ext"]
[Source "ChessBase"]
[SourceDate "1998.09.09"]
[SourceVersion "1"]
[SourceVersionDate "1998.09.09"]
[SourceQuality "1"]

1. d4 g6 2. e4 Bg7 3. Nc3 c5 4. d5 d6 5. Nf3 Nf6 6. Bb5+ Nfd7 7. a4 O-O 8. O-O Na6 9. Re1 Nc7 10. Bg5 Nxb5 11. axb5 a6 12. bxa6 bxa6 13. Ra2 h6 14. Bf4 Nb6 15. Qc1 g5 16. Bg3 f5 17. exf5 Rxf5 18. Qd1 Qf8 19. h4 Bxc3 20. bxc3 Nxd5 21. Ra3 Qf6 22. hxg5 hxg5 23. Ne5 Be6 24. Ng4 Qg6 25. c4 Nc7 26. Ne3 Rf7 27. Nd5 Nxd5 28. cxd5 Bf5 29. c4 Rh7 30. Rae3 Rb8 31. Qa4 Rb2 32. Qxa6 Rf7 33. Qa8+ Kh7 34. Rxe7 1/2-1/2

[Event "Toronto int."]
[Site "Toronto CAN"]
[Date "1998.05.17"]
[Round "6"]
[White "Kapetanovic, Armin"]
[Black "Gardner, Robert"]
[Result "1-0"]
[WhiteElo "2465"]
[BlackElo "2180"]
[PlyCount "55"]
[GameId "2160767911873337"]
[EventDate "1998.05.14"]
[EventType "swiss"]
[EventRounds "9"]
[EventCountry "CAN"]
[SourceTitle "CBM 65 ext"]
[Source "ChessBase"]
[SourceDate "1998.09.09"]
[SourceVersion "1"]
[SourceVersionDate "1998.09.09"]
[SourceQuality "1"]

1. d4 Nf6 2. Nf3 c5 3. e3 cxd4 4. exd4 d5 5. c4 g6 6. Nc3 Bg7 7. Be2 O-O 8. O-O Nc6 9. Be3 dxc4 10. d5 Na5 11. b4 cxb3 12. axb3 Nxd5 13. Nxd5 Bxa1 14. b4 Nc6 15. b5 Nb8 16. Qxa1 Qxd5 17. Bh6 f6 18. Bxf8 Kxf8 19. Rd1 Qc5 20. Rc1 Qf5 21. Nd4 Qd7 22. Qc3 Kg7 23. Qxc8 Qxd4 24. Qxb7 Qd2 25. Qxe7+ Kh6 26. Qf8+ Kg5 27. h4+ Kxh4 28. Qxf6+ 1-0

[Event "Toronto int."]
[Site "Toronto CAN"]
[Date "1998.05.17"]
[Round "6"]
[White "Kreiman, Boris"]
[Black "Milicevic, Goran"]
[Result "1-0"]
[WhiteElo "2445"]
[BlackElo "2370"]
[PlyCount "29"]
[GameId "2160767911873338"]
[EventDate "1998.05.14"]
[EventType "swiss"]
[EventRounds "9"]
[EventCountry "CAN"]
[SourceTitle "CBM 65 ext"]
[Source "ChessBase"]
[SourceDate "1998.09.09"]
[SourceVersion "1"]
[SourceVersionDate "1998.09.09"]
[SourceQuality "1"]

1. e4 e6 2. d4 d5 3. Nc3 Bb4 4. e5 c5 5. a3 Bxc3+ 6. bxc3 Ne7 7. Qg4 Qc7 8. Bd3 cxd4 9. Ne2 h5 10. Qxg7 Rg8 11. Qh6 Nbc6 12. cxd4 Nxd4 13. Nxd4 Qc3+ 14. Qd2 Qxa1 15. c3 1-0

[Event "Toronto int."]
[Site "Toronto CAN"]
[Date "1998.05.17"]
[Round "6"]
[White "Lamb, Bryan"]
[Black "Gregorz, Ralph"]
[Result "1-0"]
[WhiteElo "2110"]
[BlackElo "2210"]
[PlyCount "73"]
[GameId "2160767911873340"]
[EventDate "1998.05.14"]
[EventType "swiss"]
[EventRounds "9"]
[EventCountry "CAN"]
[SourceTitle "CBM 65 ext"]
[Source "ChessBase"]
[SourceDate "1998.09.09"]
[SourceVersion "1"]
[SourceVersionDate "1998.09.09"]
[SourceQuality "1"]

1. c4 e5 2. g3 f5 3. Bg2 c6 4. d4 d6 5. Nc3 Nf6 6. Nh3 Be7 7. O-O O-O 8. e4 exd4 9. Qxd4 Nxe4 10. Nxe4 fxe4 11. Qxe4 Bf5 12. Qe2 Na6 13. g4 Bd7 14. Nf4 Nc7 15. Nd3 Bf6 16. Bf4 Re8 17. Qf3 Be6 18. Rac1 Bf7 19. Rfd1 Ne6 20. Be3 Qc7 21. Qg3 Qe7 22. Re1 Bg6 23. g5 Bxd3 24. gxf6 Qxf6 25. Qxd6 Rad8 26. Qb4 Nf4 27. Bxf4 Qxf4 28. Qxb7 Rf8 29. Qxa7 Rd4 30. f3 Rfd8 31. Rcd1 h6 32. Re7 Qg5 33. Rde1 Bf5 34. Re8+ Rxe8 35. Rxe8+ Kh7 36. Qxd4 Qc1+ 37. Kf2 1-0

[Event "Toronto int."]
[Site "Toronto CAN"]
[Date "1998.05.17"]
[Round "6"]
[White "Linskiy, Oleg"]
[Black "Goldenberg, Danny"]
[Result "0-1"]
[WhiteElo "2375"]
[BlackElo "2320"]
[PlyCount "76"]
[GameId "2160767911873341"]
[EventDate "1998.05.14"]
[EventType "swiss"]
[EventRounds "9"]
[EventCountry "CAN"]
[SourceTitle "CBM 065 Extra"]
[Source "ChessBase"]
[SourceDate "1998.09.09"]
[SourceVersion "1"]
[SourceVersionDate "1998.09.09"]
[SourceQuality "1"]

1. e4 c5 2. Nf3 Nc6 3. d4 cxd4 4. Nxd4 e5 5. Nb5 d6 6. N1c3 a6 7. Na3 b5 8. Nd5 Nge7 9. c4 Nd4 10. Be3 Nxd5 11. cxd5 Be7 12. Bxd4 exd4 13. Qxd4 f5 14. Be2 O-O 15. exf5 Qa5+ 16. Qd2 Qxd2+ 17. Kxd2 Bg5+ 18. Kc3 Bxf5 19. Bf3 b4+ 20. Kb3 bxa3 21. Kxa3 Rab8 22. b3 Rfc8 23. Rad1 Rc5 24. Rd4 Bc1+ 25. Rxc1 Rxc1 26. Ra4 Ra8 27. Rf4 Bg6 28. Bg4 Bf7 29. Bd7 Bxd5 30. Rd4 Rd8 31. Bg4 Bf7 32. Ra4 Ra8 33. Rd4 d5 34. Bf3 Rd8 35. Kb2 Rc6 36. h4 g6 37. Ka3 Rc2 38. Ra4 Rd6 0-1

[Event "Toronto int."]
[Site "Toronto CAN"]
[Date "1998.05.17"]
[Round "6"]
[White "Rositsan, Boris"]
[Black "Jung, Hans"]
[Result "0-1"]
[WhiteElo "2241"]
[BlackElo "2346"]
[PlyCount "88"]
[GameId "2160767911873343"]
[EventDate "1998.05.14"]
[EventType "swiss"]
[EventRounds "9"]
[EventCountry "CAN"]
[SourceTitle "CBM 65 ext"]
[Source "ChessBase"]
[SourceDate "1998.09.09"]
[SourceVersion "1"]
[SourceVersionDate "1998.09.09"]
[SourceQuality "1"]

1. e4 d5 2. exd5 Qxd5 3. Nc3 Qa5 4. d4 Nf6 5. Nf3 c6 6. Bc4 Bg4 7. h3 Bh5 8. Qe2 Nbd7 9. Bd2 Bxf3 10. Qxf3 Qb6 11. Qf4 Qxb2 12. Rb1 Qxc2 13. Rxb7 e6 14. g4 Be7 15. Qf3 Rd8 16. Bd3 Ne5 17. dxe5 Rxd3 18. Qxc6+ Nd7 19. Rb8+ Bd8 20. Rxd8+ Kxd8 21. Bg5+ f6 22. exf6 gxf6 23. Qa8+ Ke7 24. Qxh8 Qxc3+ 25. Kf1 Rd1+ 26. Kg2 Qc6+ 27. Kg3 Qxh1 28. Bxf6+ Kd6 29. Bd4 Qe4 30. Be3 Rd3 31. Kh4 Rxe3 32. fxe3 Qxe3 33. Qxh7 Ne5 34. Qg7 Nf3+ 35. Kh5 Qe5+ 36. Qxe5+ Kxe5 37. g5 Kf5 38. g6 Ng5 39. g7 Ne4 40. Kh6 Nf6 41. h4 e5 42. h5 e4 43. g8=B Nxg8+ 44. Kg7 Nf6 0-1

[Event "Toronto int."]
[Site "Toronto CAN"]
[Date "1998.05.17"]
[Round "6"]
[White "Rozentalis, Eduardas"]
[Black "Hasanov, Marat"]
[Result "1-0"]
[WhiteElo "2610"]
[BlackElo "2265"]
[PlyCount "85"]
[GameId "2160767911873344"]
[EventDate "1998.05.14"]
[EventType "swiss"]
[EventRounds "9"]
[EventCountry "CAN"]
[SourceTitle "CBM 065 Extra"]
[Source "ChessBase"]
[SourceDate "1998.09.09"]
[SourceVersion "1"]
[SourceVersionDate "1998.09.09"]
[SourceQuality "1"]

1. e4 e5 2. Nf3 Nc6 3. Bb5 a6 4. Bxc6 dxc6 5. O-O f6 6. d4 exd4 7. Nxd4 c5 8. Ne2 Qxd1 9. Rxd1 Bd7 10. Be3 O-O-O 11. Nbc3 Bd6 12. Bf4 Bxf4 13. Nxf4 Ne7 14. Rd2 Nc6 15. Rad1 b6 16. f3 Rhf8 17. Ncd5 Rf7 18. Ne3 Re8 19. g4 Nd4 20. Kf2 Ne6 21. Nxe6 Bxe6 22. a3 a5 23. Ng2 Rd7 24. Rxd7 Bxd7 25. Nf4 c6 26. h4 Kc7 27. h5 h6 28. Ng2 Re5 29. Ne3 Be6 30. Rd2 Kc8 31. Nf1 Kc7 32. Ng3 Bc8 33. f4 Re7 34. Kf3 Bd7 35. Nf1 Bc8 36. Ne3 Be6 37. e5 fxe5 38. fxe5 Rf7+ 39. Ke4 Re7 40. Rd6 Re8 41. Nf5 Bd7 42. Nxg7 Rg8 43. Rg6 1-0